000 00326nam a2200121 i 4500
001 bg
245 0 _aPlanowanie społecznego rozwoju miast i społeczności terytorialnych a badania socjologiczne.
260 _aWrocław,
_c1980.
040 _cBPK
041 _apol
942 _cKS
008 s pl f |000 0 pol
999 _c19405
_d19405
856 _uhttp://koha.tu.koszalin.pl/cgi-bin/koha/opac-detail.pl?biblionumber=19405
_yKatalog online BPK